Classement par équipes depuis 1935 - Statistiques

Statistiques générales
  • Ce quiz a été pris 27 fois
  • Le résultat moyen est 17 sur 78
Statistiques - réponses
Année Équipes % Correct
1987 Système U
81%
1937 France
59%
1951 France
59%
1955 France
59%
1957 France
59%
1960 France
59%
1961 France
59%
1967 France
59%
1968 Espagne
48%
1977 Ti-Raleigh
48%
1983 Ti-Raleigh
48%
1947 Italie
33%
1949 Italie
33%
1952 Italie
33%
2017 Team Sky
33%
2015 Movistar Team
30%
2016 Movistar Team
30%
2018 Movistar Team
30%
2019 Movistar Team
30%
2014 AG2R La Mondiale
26%
1991 Banesto
26%
1999 Banesto
26%
1935 Belgique
26%
1936 Belgique
26%
1938 Belgique
26%
1939 Belgique
26%
1948 Belgique
26%
1950 Belgique
26%
1956 Belgique
26%
1958 Belgique
26%
1959 Belgique
26%
1985 La Vie Claire
26%
1986 La Vie Claire
26%
2009 Astana
22%
1954 Suisse
22%
1994 Festina
19%
1996 Festina
19%
1981 Peugeot-Mercier
19%
1979 Renault-Gitane
19%
1971 Bic
15%
1973 Bic
15%
1998 Cofidis
15%
1982 Coop-Mercier
15%
1972 Gan-Mercier
15%
1975 Gan-Mercier
15%
1965 Kas
15%
1966 Kas
15%
1974 Kas
15%
1976 Kas
15%
1978 Miko-Mercier
15%
1980 Miko-Mercier
15%
1984 Renault-Elf
15%
1988 PDM
11%
1989 PDM
11%
1963 St-Raphaël-Gitane
11%
1990 Z
11%
1992 Carrera
7%
1993 Carrera
7%
1969 Faema
7%
1953 Hollande
7%
2000 Kelme
7%
2001 Kelme
7%
1995 Once
7%
2002 Once
7%
2008 Team CSC-Saxo Bank
7%
2013 Team Saxo-Tinkoff
7%
1997 Telekom
7%
2007 Discovery Channel
4%
1964 Pelforth-Sauvage-Lejeune
4%
2012 RadioShack-Nissan
4%
1962 St-Raphaël-Helyett
4%
2011 Team Garmin-Cervélo
4%
2010 Team RadioShack
4%
2004 T-Mobile
4%
2005 T-Mobile Team
4%
2006 T-Mobile Team
4%
2003 CSC
0%
1970 Salvarini
0%
Aucun quiz correspondant
Distribution des résultats
% des personnes avec chaque résultat
Percentile par nombre de réponses
Votre historique - résultats
Vous n’avez pas pris ce quiz